| 000 | 00549 a2200193 4500 | ||
|---|---|---|---|
| 001 | 068114 | ||
| 003 | OSt | ||
| 005 | 20220125120153.0 | ||
| 008 | |||
| 082 |
_a005.43 _bT15O |
||
| 100 | 1 | _aTanenbaum, Andrew S. | |
| 245 | 1 |
_aOperating systems design and implementation _cby Andrew S. Tanenbaum and Albert S. Woodhull |
|
| 250 | _a3rd ed. | ||
| 260 |
_aNew Delhi _bPHI Learning _c2006 |
||
| 300 | _a1054p. | ||
| 653 | _aOperating systems (Computers); MINIX | ||
| 700 | _aWoodhull, Albert S. | ||
| 942 |
_2ddc _cBK |
||
| 999 |
_c1905 _d1905 |
||